000
00339nam a22001457a 4500
008
250324b |||||||| |||| 00| 0 eng d
020
_a
9780323401159
050
_a
RD81
_b
.B37
245
_a
Basics of Anesthesia
250
_a
7th
260
_a
Philadelpia
_b
Elsevier
_c
2018
300
_a
xix,914p
650
_a
Anesthesiology
942
_c
BK
999
_c
2631
_d
2631